| 000 | 00566nas a22001937a 4500 | ||
|---|---|---|---|
| 001 | K121116 | ||
| 007 | ta | ||
| 008 | 190930b2019 ||||| |||| 00| 0 eng d | ||
| 041 | _aeng | ||
| 100 | _aHo, Daniel | ||
| 245 | _aTime to change course | ||
| 260 | _c2019 | ||
| 490 |
_aRICS Modus _vSeptember 2019, 5(1) |
||
| 520 | _aLooks at how alternative routes into the surveying profession such as apprenticeships need to be brought into the mainstream. | ||
| 650 | _aapprenticeships | ||
| 650 | _aqualifications | ||
| 651 | _aUnited Kingdom | ||
| 690 |
_96277 _aRICS |
||
| 999 |
_c121116 _d121116 |
||